[Event "PSNA CET 45th National Junior (U-19) Ch"]
[Site "PSNA College of Engineering &"]
[Date "2015.07.28"]
[Round "8.1"]
[White "Aravindh, Chithambaram Vr"]
[Black "Akash, G."]
[Result "1-0"]
[WhiteElo "2507"]
[BlackElo "2354"]
[PlyCount "75"]
[EventDate "2015.07.23"]
[EventRounds "11"]
[EventCountry "IND"]
[SourceDate "2003.06.08"]

1. e4 c5 2. Nf3 Nc6 3. Bb5 e6 4. O-O Nge7 5. Re1 a6 6. Bf1 d5 7. d3 d4 8. e5
Nd5 9. Nbd2 Be7 10. g3 b6 11. Bg2 Bb7 12. Ne4 h6 13. a3 Qd7 14. c4 dxc3 15.
bxc3 b5 16. c4 Nb6 17. Rb1 O-O 18. cxb5 axb5 19. Rxb5 Na4 20. Qb3 Ba6 21. Qxa4
Bxb5 22. Qxb5 Nxe5 23. Qxd7 Nxd7 24. Ned2 Rab8 25. Nc4 Rb3 26. Nfd2 Rc3 27. Bb2
Rc2 28. Rc1 Rxc1+ 29. Bxc1 Nf6 30. a4 Nd5 31. a5 Bf6 32. Ba3 Bc3 33. Ne4 Bb4
34. Nxc5 Rb8 35. Na6 Rb5 36. Nxb4 Nxb4 37. Bxb4 Rxb4 38. Bc6 1-0

[Event "PSNA CET 45th National Junior (U-19) Ch"]
[Site "PSNA College of Engineering &"]
[Date "2015.07.28"]
[Round "8.2"]
[White "Karthikeyan, Murali"]
[Black "Gajwa, Ankit"]
[Result "1-0"]
[WhiteElo "2509"]
[BlackElo "2107"]
[PlyCount "181"]
[EventDate "2015.07.23"]
[EventRounds "11"]
[EventCountry "IND"]
[SourceDate "2003.06.08"]

1. e4 e5 2. Nf3 Nc6 3. Bb5 a6 4. Ba4 Nf6 5. Qe2 b5 6. Bb3 Bc5 7. c3 O-O 8. d3
h6 9. O-O Re8 10. h3 d6 11. Rd1 Bb6 12. Nbd2 Ne7 13. Nf1 Ng6 14. Ng3 c5 15. Bc2
d5 16. Nh2 Be6 17. Nh5 Nxh5 18. Qxh5 Qf6 19. Ng4 Bxg4 20. hxg4 Nf4 21. Qf5 Qxf5
22. gxf5 Ne2+ 23. Kf1 Nxc1 24. exd5 Rad8 25. c4 Nxd3 26. Bxd3 e4 27. Be2 Re5
28. g4 h5 29. d6 bxc4 30. Rac1 hxg4 31. Bxg4 g6 32. fxg6 f5 33. f4 exf3 34.
Bxf3 Kg7 35. d7 Bc7 36. Rxc4 a5 37. Bc6 Kxg6 38. Kf2 Kf6 39. Rh4 Re6 40. Rh6+
Ke7 41. Rh7+ Kf6 42. Bb5 Re4 43. b3 Rf4+ 44. Ke3 Re4+ 45. Kd3 Rd4+ 46. Kc2 Rxd1
47. Kxd1 Ke5 48. Ke2 Kd6 49. Kf3 Rf8 50. Rh1 Bd8 51. Kf4 Kc7 52. Rh7 Kb6 53. a4
Kc7 54. Bd3 Kd6 55. Bxf5 c4 56. bxc4 Kc5 57. Ke5 Kxc4 58. Rh1 Kb4 59. Bc2 Rf2
60. Rb1+ Ka3 61. Bd1 Rd2 62. Ke6 Rd3 63. Rb8 Re3+ 64. Kf5 Bh4 65. d8=Q Bxd8 66.
Rxd8 Re1 67. Rd5 Kb4 68. Kf4 Re8 69. Rb5+ Kc4 70. Kf3 Rf8+ 71. Ke3 Re8+ 72. Kd2
Rd8+ 73. Kc2 Re8 74. Rxa5 Kb4 75. Ra7 Re5 76. Kb2 Rd5 77. Rb7+ Ka5 78. Bb3 Rh5
79. Ka3 Rg5 80. Rd7 Rg4 81. Rd5+ Kb6 82. a5+ Ka6 83. Rc5 Rf4 84. Bc4+ Ka7 85.
Kb4 Kb7 86. Kb5 Rf2 87. Rh5 Rb2+ 88. Kc5 Rf2 89. a6+ Kb8 90. Rh8+ Ka7 91. Rh7+
1-0

[Event "PSNA CET 45th National Junior (U-19) Ch"]
[Site "PSNA College of Engineering &"]
[Date "2015.07.28"]
[Round "8.3"]
[White "Kumaran, B."]
[Black "Dhulipalla, Bala Chandra Prasad"]
[Result "1-0"]
[WhiteElo "2254"]
[BlackElo "2207"]
[PlyCount "95"]
[EventDate "2015.07.23"]
[EventRounds "11"]
[EventCountry "IND"]
[SourceDate "2003.06.08"]

1. e4 c5 2. Nf3 Nc6 3. Bb5 e6 4. O-O Nge7 5. b3 a6 6. Bxc6 Nxc6 7. Bb2 f6 8. d4
cxd4 9. Nxd4 Be7 10. Qh5+ g6 11. Qh6 Ne5 12. Rd1 Nf7 13. Qh4 Qc7 14. c4 O-O 15.
Ba3 d6 16. Qg3 Bd7 17. Nc3 b5 18. cxb5 Qa5 19. Bb2 axb5 20. Nce2 Rfc8 21. Nf4
e5 22. Nd5 Bd8 23. Nf5 Rc2 24. Rab1 Rd2 25. a3 Kf8 26. Nfe3 Rxd1+ 27. Rxd1 Rc8
28. f4 Be6 29. f5 Bxd5 30. Nxd5 Qa7+ 31. Kh1 Rc2 32. Bc1 gxf5 33. exf5 Qc5 34.
Qe3 Qc6 35. h4 Rc5 36. Nb4 Qb7 37. Bb2 Bb6 38. Qe2 d5 39. Qf3 e4 40. Qh5 Ba5
41. Bxf6 Bxb4 42. Qxh7 Rc6 43. Qg7+ Ke8 44. axb4 Rxf6 45. Qxf6 Qc7 46. Qe6+ Kf8
47. f6 e3 48. Qxe3 1-0

[Event "PSNA CET 45th National Junior (U-19) Ch"]
[Site "PSNA College of Engineering &"]
[Date "2015.07.28"]
[Round "8.4"]
[White "Pranavananda, V."]
[Black "Harsha, Bharathakoti"]
[Result "0-1"]
[WhiteElo "2246"]
[BlackElo "2368"]
[PlyCount "72"]
[EventDate "2015.07.23"]
[EventRounds "11"]
[EventCountry "IND"]
[SourceDate "2003.06.08"]

1. d4 d5 2. Nf3 Nf6 3. c4 c6 4. Qc2 dxc4 5. e4 Bg4 6. Bxc4 Nbd7 7. Nc3 e6 8.
Be3 Be7 9. Be2 O-O 10. h3 Bxf3 11. gxf3 c5 12. d5 exd5 13. exd5 c4 14. O-O-O
Bb4 15. Rhg1 Re8 16. d6 Rc8 17. Bh6 g6 18. f4 Bxc3 19. bxc3 Ne4 20. f3 Nf2 21.
f5 Nd3+ 22. Bxd3 cxd3 23. Rxd3 Qa5 24. fxg6 hxg6 25. Re3 Qa3+ 26. Kb1 Qxd6 27.
Rxe8+ Rxe8 28. Rd1 Qe6 29. h4 Nf6 30. Qd3 Rc8 31. Qd4 Kh7 32. Bg5 Rc6 33. Bc1
Qf5+ 34. Rd3 Rc5 35. c4 b5 36. Ka1 Rxc4 0-1

[Event "PSNA CET 45th National Junior (U-19) Ch"]
[Site "PSNA College of Engineering &"]
[Date "2015.07.28"]
[Round "8.5"]
[White "Sai, Vishwesh.C"]
[Black "Sahoo, Utkal Ranjan"]
[Result "1/2-1/2"]
[WhiteElo "2318"]
[BlackElo "2215"]
[PlyCount "84"]
[EventDate "2015.07.23"]
[EventRounds "11"]
[EventCountry "IND"]
[SourceDate "2003.06.08"]

1. e4 e5 2. Nf3 Nc6 3. Bb5 a6 4. Ba4 Nge7 5. O-O g6 6. c3 Bg7 7. d4 exd4 8.
cxd4 b5 9. Bb3 O-O 10. Bg5 h6 11. Bh4 d6 12. h3 g5 13. Bxg5 Nxd4 14. Bxe7 Nxf3+
15. Qxf3 Qxe7 16. e5 Rb8 17. exd6 Qxd6 18. Nc3 Bb7 19. Bd5 Bxd5 20. Nxd5 c6 21.
Ne3 Qf6 22. Nf5 Rbd8 23. Rad1 c5 24. b3 c4 25. bxc4 bxc4 26. Rxd8 Rxd8 27. Rc1
c3 28. Qg4 Qg5 29. Qxg5 hxg5 30. Nxg7 Kxg7 31. Rxc3 Rd1+ 32. Kh2 Rd2 33. Ra3
Rxf2 34. Rxa6 f5 35. a3 Ra2 36. Kg3 Rb2 37. Kh2 Ra2 38. h4 gxh4 39. Kh3 f4 40.
Ra8 Rb2 41. Ra4 Ra2 42. Kg4 Rxg2+ 1/2-1/2

[Event "PSNA CET 45th National Junior (U-19) Ch"]
[Site "PSNA College of Engineering &"]
[Date "2015.07.28"]
[Round "8.6"]
[White "Krishna Teja, N."]
[Black "Sammed Jaykumar, Shete"]
[Result "0-1"]
[WhiteElo "2192"]
[BlackElo "2267"]
[PlyCount "78"]
[EventDate "2015.07.23"]
[EventRounds "11"]
[EventCountry "IND"]
[SourceDate "2003.06.08"]

1. c4 Nf6 2. Nc3 e5 3. e3 Bb4 4. Qc2 O-O 5. a3 Bxc3 6. Qxc3 Nc6 7. d3 d5 8.
cxd5 Nxd5 9. Qc2 a5 10. b3 Be6 11. Nf3 Nb6 12. Be2 a4 13. b4 Bb3 14. Qb1 Re8
15. Bb2 f6 16. d4 Nc4 17. Bc3 exd4 18. Bxd4 Qd5 19. Bc3 Nxe3 20. fxe3 Rxe3 21.
Bd2 Rxf3 22. gxf3 Re8 23. Kf2 Qxd2 24. Qd3 Qf4 25. Rag1 Qh4+ 26. Rg3 f5 27. Qd7
Bf7 28. Kf1 Qf4 29. Rhg1 g6 30. Qd1 Rd8 31. Qe1 Rd2 32. R1g2 Nd4 33. Bd1 Bc4+
34. Kg1 Qe3+ 35. Qxe3 Rxd1+ 36. Qe1 Rxe1+ 37. Kf2 Re2+ 38. Kg1 f4 39. Rh3 Re1+
0-1

[Event "PSNA CET 45th National Junior (U-19) Ch"]
[Site "PSNA College of Engineering &"]
[Date "2015.07.28"]
[Round "8.7"]
[White "Varun, V."]
[Black "Karthik, V.   Ap"]
[Result "1/2-1/2"]
[WhiteElo "2171"]
[BlackElo "2256"]
[PlyCount "90"]
[EventDate "2015.07.23"]
[EventRounds "11"]
[EventCountry "IND"]
[SourceDate "2003.06.08"]

1. d4 Nf6 2. Nf3 e6 3. Bf4 c5 4. c3 Nc6 5. e3 d5 6. Nbd2 Bd6 7. Bg3 O-O 8. Bd3
b6 9. Ne5 Bb7 10. f4 Ne7 11. O-O Nf5 12. Qf3 Be7 13. Bf2 Nd6 14. Rad1 Qc8 15.
Bh4 Nde4 16. Ng4 Re8 17. Nxf6+ Bxf6 18. Bxf6 Nxf6 19. Rfe1 Ba6 20. Bb1 Bb5 21.
e4 cxd4 22. cxd4 Bc6 23. e5 Ne4 24. Nxe4 dxe4 25. Bxe4 Bxe4 26. Rxe4 Rd8 27.
Qd3 Rd5 28. Re2 Qd7 29. Red2 Rd8 30. Kf2 h6 31. Ke3 Ra5 32. b3 Rd5 33. Rc1 Qe7
34. g3 b5 35. Qc3 g6 36. Qa5 g5 37. Qc3 Kg7 38. Qd3 Qb4 39. Qc3 Qe7 40. Qd3 Qb4
41. Rc7 Rxd4 42. Rxf7+ Kxf7 43. Qh7+ Ke8 44. Qg6+ Ke7 45. Qf6+ Ke8 1/2-1/2

[Event "PSNA CET 45th National Junior (U-19) Ch"]
[Site "PSNA College of Engineering &"]
[Date "2015.07.28"]
[Round "8.8"]
[White "Akash Pc, Iyer"]
[Black "Ganesh, R."]
[Result "1-0"]
[WhiteElo "2243"]
[BlackElo "2139"]
[PlyCount "57"]
[EventDate "2015.07.23"]
[EventRounds "11"]
[EventCountry "IND"]
[SourceDate "2003.06.08"]

1. d4 Nf6 2. c4 e6 3. Nc3 d5 4. Bg5 Be7 5. e3 Nbd7 6. Qc2 dxc4 7. Bxc4 c5 8.
Nf3 O-O 9. dxc5 Nxc5 10. O-O a6 11. Rfd1 Qc7 12. Bf4 Qb6 13. a3 Qa7 14. b4 Ncd7
15. e4 Nh5 16. Be3 Qb8 17. Rac1 b5 18. Bb3 Rd8 19. Nd4 Ne5 20. Qe2 Nf6 21. f4
Ng6 22. e5 Ne8 23. Ne4 Bb7 24. Nc5 Bxc5 25. Rxc5 Ne7 26. f5 Nxf5 27. Nxf5 Rxd1+
28. Qxd1 exf5 29. Qd7 1-0

[Event "PSNA CET 45th National Junior (U-19) Ch"]
[Site "PSNA College of Engineering &"]
[Date "2015.07.28"]
[Round "8.9"]
[White "Chakravarthi Reddy, M."]
[Black "Kumar, Gaurav"]
[Result "1-0"]
[WhiteElo "2260"]
[BlackElo "2092"]
[PlyCount "135"]
[EventDate "2015.07.23"]
[EventRounds "11"]
[EventCountry "IND"]
[SourceDate "2003.06.08"]

1. c4 Nf6 2. Nf3 e6 3. b3 d5 4. Bb2 Be7 5. g3 O-O 6. Bg2 c5 7. O-O Nc6 8. e3 b6
9. Nc3 Bb7 10. cxd5 Nxd5 11. Nxd5 Qxd5 12. d4 Qd8 13. dxc5 Bxc5 14. Ne5 Nxe5
15. Bxb7 Rb8 16. Be4 Ng6 17. Qc2 Qe7 18. Rad1 Rfd8 19. Qc3 f6 20. Bxg6 hxg6 21.
Rd3 Rbc8 22. Rfd1 Kf7 23. Qc4 Rxd3 24. Qxd3 Rc6 25. Rc1 Rd6 26. Qc4 Qd7 27. b4
Rd1+ 28. Kg2 Rxc1 29. Bxc1 Qa4 30. Bd2 a5 31. a3 Be7 32. Qc3 axb4 33. axb4 Qa8+
34. f3 b5 35. e4 Qa2 36. Qd4 Qb3 37. Kf2 Qd1 38. h4 Qh1 39. Be1 Qh2+ 40. Kf1
Qc2 41. g4 Qa2 42. Bd2 Qb1+ 43. Ke2 Qc2 44. f4 Qb3 45. f5 gxf5 46. exf5 e5 47.
Qd3 Qxd3+ 48. Kxd3 g6 49. Ke4 gxf5+ 50. gxf5 Bd8 51. h5 Bb6 52. Kd5 Bf2 53. h6
Bg1 54. Ke4 Bf2 55. Kd5 Bg1 56. Be1 Be3 57. Kc6 Kg8 58. Kxb5 Kh7 59. Kc4 Kxh6
60. Kd5 Kg5 61. Ke4 Bb6 62. b5 Ba7 63. Bd2+ Kg4 64. Ba5 Bb8 65. Bd8 Kg5 66. b6
Bd6 67. Kd5 Bb8 68. Bc7 1-0

[Event "PSNA CET 45th National Junior (U-19) Ch"]
[Site "PSNA College of Engineering &"]
[Date "2015.07.28"]
[Round "8.10"]
[White "Yogit, S."]
[Black "Nihal, Sarin"]
[Result "0-1"]
[WhiteElo "2064"]
[BlackElo "2248"]
[PlyCount "50"]
[EventDate "2015.07.23"]
[EventRounds "11"]
[EventCountry "IND"]
[SourceDate "2003.06.08"]

1. b3 e5 2. Bb2 Nc6 3. c4 Nf6 4. d3 d5 5. cxd5 Nxd5 6. a3 Bc5 7. Nf3 Bg4 8.
Nbd2 Qe7 9. Qc2 O-O-O 10. b4 Bb6 11. Nc4 Bxf3 12. Nxb6+ axb6 13. gxf3 Nd4 14.
Qd1 Qh4 15. Rc1 Kb8 16. Rg1 Ne3 17. Qa4 b5 18. Qa5 Nec2+ 19. Kd1 b6 20. Qa6
Qxf2 21. Bxd4 Nxd4 22. Rh1 Rd5 23. Rc3 Rhd8 24. Kc1 Qe1+ 25. Kb2 Qd2+ 0-1

[Event "PSNA CET 45th National Junior (U-19) Ch"]
[Site "PSNA College of Engineering &"]
[Date "2015.07.28"]
[Round "8.11"]
[White "Harshal, Shahi"]
[Black "Adhithya, S."]
[Result "0-1"]
[WhiteElo "2228"]
[BlackElo "2074"]
[PlyCount "49"]
[EventDate "2015.07.23"]
[EventRounds "11"]
[EventCountry "IND"]
[SourceDate "2003.06.08"]

1. e4 d6 2. d4 Nf6 3. Nc3 Nbd7 4. f4 e5 5. Nf3 exd4 6. Qxd4 c6 7. Be3 d5 8.
exd5 Bc5 9. Qd3 Qe7 10. Kd2 O-O 11. Re1 cxd5 12. Bxc5 Qxc5 13. Kc1 Nb6 14. Qd4
Qxd4 15. Nxd4 Bd7 16. g3 Rfe8 17. Bg2 Bc6 18. b3 Nbd7 19. Nf5 Ne4 20. Nxe4 dxe4
21. g4 Nc5 22. b4 Na4 23. b5 Bxb5 24. c4 Bc6 25. Nd6 0-1

[Event "PSNA CET 45th National Junior (U-19) Ch"]
[Site "PSNA College of Engineering &"]
[Date "2015.07.28"]
[Round "8.12"]
[White "Mahindrakar, Indrajeet"]
[Black "Abhilash, Reddy M.L"]
[Result "0-1"]
[WhiteElo "1903"]
[BlackElo "2224"]
[PlyCount "86"]
[EventDate "2015.07.23"]
[EventRounds "11"]
[EventCountry "IND"]
[SourceDate "2003.06.08"]

1. e4 c5 2. Nf3 d6 3. d4 cxd4 4. Nxd4 Nf6 5. Nc3 g6 6. Be3 Bg7 7. f3 Nc6 8. Qd2
O-O 9. Bc4 Bd7 10. h4 h5 11. O-O-O Ne5 12. Bb3 Rc8 13. Kb1 a6 14. Bh6 Rc5 15.
Bxg7 Kxg7 16. g4 hxg4 17. f4 Nc4 18. Bxc4 Rxc4 19. f5 Qa5 20. h5 Rg8 21. hxg6
fxg6 22. fxg6 Kxg6 23. Rdf1 Rxc3 24. bxc3 Qg5 25. Qd3 Qe5 26. Nf5 Bxf5 27.
exf5+ Kf7 28. Ka1 Rc8 29. Kb2 Rc5 30. a4 b5 31. Qd4 bxa4 32. Qxe5 Rxe5 33. Rh8
Rb5+ 34. Ka3 Rc5 35. Kb2 a5 36. Ra8 g3 37. Rh8 Rc4 38. Rh3 Rg4 39. Ka3 Ne4 40.
Kb2 Ng5 41. Rh8 g2 42. Re1 g1=Q 43. Rxg1 Rxg1 0-1

[Event "PSNA CET 45th National Junior (U-19) Ch"]
[Site "PSNA College of Engineering &"]
[Date "2015.07.29"]
[Round "9.1"]
[White "Karthikeyan, Murali"]
[Black "Aravindh, Chithambaram Vr"]
[Result "0-1"]
[WhiteElo "2509"]
[BlackElo "2507"]
[PlyCount "86"]
[EventDate "2015.07.23"]
[EventRounds "11"]
[EventCountry "IND"]
[SourceDate "2003.06.08"]

1. e4 c5 2. Nf3 e6 3. d4 cxd4 4. Nxd4 Nf6 5. Bd3 Nc6 6. Nxc6 bxc6 7. O-O d5 8.
Nd2 Be7 9. Qe2 Qc7 10. b3 Nd7 11. c4 d4 12. f4 Nc5 13. Bb1 d3 14. Qe3 e5 15.
Qg3 Ne6 16. f5 Bc5+ 17. Kh1 Bd4 18. fxe6 Bxe6 19. Bxd3 Bxa1 20. Nf3 f6 21. Ba3
O-O-O 22. Ng5 fxg5 23. Rxa1 Qa5 24. Bb2 Qd2 25. Qxe5 Rxd3 26. Qxe6+ Kb7 27.
Qf7+ Rd7 28. Bc3 Qxg2+ 29. Kxg2 Rxf7 30. Re1 Re8 31. e5 g4 32. Bb4 Re6 33. Re4
h5 34. Bd6 g5 35. Re3 Rf4 36. c5 h4 37. Re2 Kc8 38. a3 Rf3 39. Re4 h3+ 40. Kg1
g3 41. hxg3 Rxg3+ 42. Kh2 Rxb3 43. Rg4 Rh6 0-1

[Event "PSNA CET 45th National Junior (U-19) Ch"]
[Site "PSNA College of Engineering &"]
[Date "2015.07.29"]
[Round "9.2"]
[White "Akash, G."]
[Black "Kumaran, B."]
[Result "0-1"]
[WhiteElo "2354"]
[BlackElo "2254"]
[PlyCount "118"]
[EventDate "2015.07.23"]
[EventRounds "11"]
[EventCountry "IND"]
[SourceDate "2003.06.08"]

1. e4 c5 2. Nf3 Nc6 3. Nc3 Nf6 4. Bb5 Qc7 5. d3 Nd4 6. Bc4 a6 7. Nxd4 cxd4 8.
Ne2 e5 9. O-O d6 10. c3 b5 11. Bb3 dxc3 12. Nxc3 Bg4 13. Qe1 Be7 14. a4 O-O 15.
axb5 axb5 16. Nxb5 Qb7 17. Rxa8 Rxa8 18. Bc4 Be6 19. Bg5 Nxe4 20. Bxe7 d5 21.
Bxd5 Bxd5 22. dxe4 Bc6 23. Nd6 Qxe7 24. Nf5 Qb7 25. Qe3 g6 26. Qg5 f6 27. Qxf6
gxf5 28. Qe6+ Kh8 29. exf5 Bxg2 30. Qxe5+ Kg8 31. Qe6+ Kh8 32. Qe5+ Kg8 33.
Qg3+ Kh8 34. Qc3+ Kg8 35. Re1 Bf3 36. f6 Qd5 37. Qe3 Kh8 38. Qe8+ Rxe8 39.
Rxe8+ Qg8+ 40. Rxg8+ Kxg8 41. h3 Kf7 42. Kh2 Kxf6 43. Kg3 Bd5 44. Kf4 Bb3 45.
h4 h6 46. Kg4 Kg6 47. Kf4 Kh5 48. Kg3 Bc4 49. Kh3 Bd5 50. b4 Bc6 51. Kg3 Bd7
52. f3 Bc6 53. f4 Bd7 54. f5 Bxf5 55. b5 Bd7 56. b6 Bc8 57. Kf4 Kxh4 58. Ke5
Kg4 59. Kd6 Bb7 0-1

[Event "PSNA CET 45th National Junior (U-19) Ch"]
[Site "PSNA College of Engineering &"]
[Date "2015.07.29"]
[Round "9.3"]
[White "Sammed Jaykumar, Shete"]
[Black "Akash Pc, Iyer"]
[Result "1-0"]
[WhiteElo "2267"]
[BlackElo "2243"]
[PlyCount "113"]
[EventDate "2015.07.23"]
[EventRounds "11"]
[EventCountry "IND"]
[SourceDate "2003.06.08"]

1. e4 e5 2. Nf3 Nc6 3. Bb5 a6 4. Ba4 Nf6 5. d3 b5 6. Bb3 Be7 7. O-O d6 8. c3
Na5 9. Bc2 c5 10. Nbd2 O-O 11. Re1 Nd7 12. a4 Rb8 13. axb5 axb5 14. Nf1 Nc6 15.
Ne3 Nb6 16. Bb3 Qc7 17. h3 Bd7 18. Nd5 Nxd5 19. exd5 Nd8 20. d4 c4 21. Bc2 f6
22. Be3 g6 23. dxe5 fxe5 24. Ng5 Bxg5 25. Bxg5 Bf5 26. b4 cxb3 27. Bxb3 Nf7 28.
Bd2 Rfc8 29. Qe2 Kg7 30. Ra6 Rb6 31. Rea1 Rxa6 32. Rxa6 Qb7 33. Rxd6 Nxd6 34.
Qxe5+ Kg8 35. Qxd6 Qd7 36. Qf6 Bd3 37. d6+ Bc4 38. Bd1 Rf8 39. Qd4 Be6 40. h4
Qg7 41. Qb6 Qd7 42. Bf3 Bg4 43. Bd5+ Be6 44. Bf3 Bg4 45. Bd5+ Be6 46. Bxe6+
Qxe6 47. Be3 Qd7 48. Qd4 Rf5 49. Bh6 Kf7 50. c4 bxc4 51. Qxc4+ Kf6 52. g4 Re5
53. Bg5+ Rxg5 54. hxg5+ Kxg5 55. Qd4 h5 56. Qe5+ Kxg4 57. Qg3+ 1-0

[Event "PSNA CET 45th National Junior (U-19) Ch"]
[Site "PSNA College of Engineering &"]
[Date "2015.07.29"]
[Round "9.4"]
[White "Harsha, Bharathakoti"]
[Black "Chakravarthi Reddy, M."]
[Result "1-0"]
[WhiteElo "2368"]
[BlackElo "2260"]
[PlyCount "87"]
[EventDate "2015.07.23"]
[EventRounds "11"]
[EventCountry "IND"]
[SourceDate "2003.06.08"]

1. Nf3 d5 2. c4 c6 3. e3 Nf6 4. Nc3 a6 5. Qc2 g6 6. d4 Bg7 7. Bd3 O-O 8. O-O b5
9. b3 Bb7 10. Ne5 Nfd7 11. f4 Nxe5 12. fxe5 dxc4 13. Be4 cxb3 14. Qxb3 a5 15.
Nxb5 a4 16. Qc3 Ba6 17. Rb1 Qc8 18. Bd2 Bxb5 19. Rxb5 cxb5 20. Bxa8 Qxc3 21.
Bxc3 Rc8 22. Rc1 e6 23. Kf2 Nd7 24. Be4 f6 25. exf6 Nxf6 26. Bd3 Nd5 27. Bd2
Rxc1 28. Bxc1 Nc3 29. Bd2 Nxa2 30. Bxb5 Bf8 31. Bxa4 Kf7 32. Bb3 Nb4 33. Ke2
Bd6 34. h3 Ke7 35. e4 Nc6 36. Bg5+ Kf8 37. Kd3 e5 38. d5 Nd4 39. Bd1 Kf7 40.
Kc4 Bf8 41. Be3 Kf6 42. Bd2 h5 43. Ba5 h4 44. Bd8+ 1-0

[Event "PSNA CET 45th National Junior (U-19) Ch"]
[Site "PSNA College of Engineering &"]
[Date "2015.07.29"]
[Round "9.5"]
[White "Gajwa, Ankit"]
[Black "Sai, Vishwesh.C"]
[Result "0-1"]
[WhiteElo "2107"]
[BlackElo "2318"]
[PlyCount "108"]
[EventDate "2015.07.23"]
[EventRounds "11"]
[EventCountry "IND"]
[SourceDate "2003.06.08"]

1. e4 c5 2. Nf3 Nc6 3. d4 cxd4 4. Nxd4 Nf6 5. Nc3 e6 6. Ndb5 d6 7. Bf4 e5 8.
Bg5 a6 9. Na3 b5 10. Nd5 Be7 11. Bxf6 Bxf6 12. c3 O-O 13. Nc2 Bg5 14. a4 bxa4
15. Rxa4 a5 16. Bc4 Rb8 17. Ra2 Kh8 18. Nce3 Ne7 19. O-O Nxd5 20. Nxd5 f5 21.
exf5 Bxf5 22. Qe2 Be6 23. b3 Bxd5 24. Bxd5 Qb6 25. g3 Rbc8 26. Qd3 Qc5 27. h4
Bh6 28. Kg2 Qxc3 29. Qxc3 Rxc3 30. Rxa5 Rc2 31. Ra8 Rxa8 32. Bxa8 Be3 33. Kf3
Bc5 34. Bd5 Rd2 35. Ra1 h5 36. Ra8+ Kh7 37. Be4+ g6 38. g4 Rxf2+ 39. Kg3 Rf4
40. Bf3 Bf2+ 41. Kxf2 hxg4 42. Ra4 Rxf3+ 43. Ke2 Rxb3 44. Rxg4 Kh6 45. Rc4 Rb5
46. Rc6 Rd5 47. Rc8 Rd4 48. Rd8 g5 49. hxg5+ Kxg5 50. Ke3 Kf5 51. Re8 Ra4 52.
Rf8+ Ke6 53. Rb8 Ra3+ 54. Ke2 d5 0-1

[Event "PSNA CET 45th National Junior (U-19) Ch"]
[Site "PSNA College of Engineering &"]
[Date "2015.07.29"]
[Round "9.6"]
[White "Karthik, V.   Ap"]
[Black "Dhulipalla, Bala Chandra Prasad"]
[Result "0-1"]
[WhiteElo "2256"]
[BlackElo "2207"]
[PlyCount "98"]
[EventDate "2015.07.23"]
[EventRounds "11"]
[EventCountry "IND"]
[SourceDate "2003.06.08"]

1. e4 Nc6 2. Nf3 d6 3. d4 Nf6 4. Nc3 Bg4 5. Be3 e5 6. Bb5 Nd7 7. d5 Ncb8 8. h3
Bxf3 9. Qxf3 Be7 10. g3 a6 11. Bc4 Bg5 12. O-O O-O 13. a4 a5 14. Nb5 Na6 15. c3
Bxe3 16. Qxe3 Nac5 17. b4 Nxa4 18. Bb3 Nab6 19. Kg2 Nc8 20. Rfd1 Ra6 21. Bc4
axb4 22. cxb4 Rxa1 23. Rxa1 c6 24. dxc6 bxc6 25. Nc3 Qb6 26. Qxb6 Ndxb6 27. Bb3
Rd8 28. f4 Kf8 29. Ra5 f6 30. Kf3 Rd7 31. Be6 Ra7 32. Na4 Rxa5 33. bxa5 Nxa4
34. Bxc8 Nc3 35. Bd7 Nb5 36. Ke3 Na7 37. Kd3 Ke7 38. Bg4 d5 39. Kc3 Kd6 40. Kb4
exf4 41. gxf4 dxe4 42. Kc4 g6 43. Kd4 f5 44. Be2 Nb5+ 45. Kc4 Nc7 46. Kd4 c5+
47. Kc4 Nd5 48. a6 Kc6 49. a7 Ne3+ 0-1

[Event "PSNA CET 45th National Junior (U-19) Ch"]
[Site "PSNA College of Engineering &"]
[Date "2015.07.29"]
[Round "9.7"]
[White "Nihal, Sarin"]
[Black "Varun, V."]
[Result "0-1"]
[WhiteElo "2248"]
[BlackElo "2171"]
[PlyCount "106"]
[EventDate "2015.07.23"]
[EventRounds "11"]
[EventCountry "IND"]
[SourceDate "2003.06.08"]

1. d4 Nf6 2. c4 g6 3. Nc3 Bg7 4. e4 d6 5. Nf3 O-O 6. Be2 Na6 7. O-O e5 8. Re1
Bg4 9. d5 Nc5 10. Ng5 Bxe2 11. Qxe2 a5 12. b3 Nh5 13. Qc2 h6 14. Nf3 f5 15. Rb1
Qf6 16. a3 Nf4 17. b4 axb4 18. axb4 Nxe4 19. Nxe4 fxe4 20. Qxe4 Kh7 21. Rb3 Nh5
22. g3 Ra2 23. Kg2 Qf5 24. Qxf5 gxf5 25. Nh4 Rc2 26. Rf3 Rxc4 27. Rxf5 Rxf5 28.
Nxf5 Nf6 29. Ne3 Rxb4 30. Re2 Rb5 31. Rc2 Nxd5 32. Nxd5 Rxd5 33. Rxc7 b5 34.
Rb7 Kg6 35. Be3 e4 36. Kf1 Bc3 37. Bf4 h5 38. Rb6 Bb4 39. Rb8 Ba3 40. Ke2 Kf5
41. Rf8+ Ke6 42. Ke3 Rd1 43. Rb8 Re1+ 44. Kd2 Bb4+ 45. Kc2 Re2+ 46. Kd1 Rxf2
47. h4 Kd5 48. Rxb5+ Kc4 49. Rxh5 d5 50. Rf5 d4 51. g4 Kd3 52. Bg5 Rxf5 53.
gxf5 e3 0-1

[Event "PSNA CET 45th National Junior (U-19) Ch"]
[Site "PSNA College of Engineering &"]
[Date "2015.07.29"]
[Round "9.8"]
[White "Abhilash, Reddy M.L"]
[Black "Sai Agni Jeevitesh, J."]
[Result "1-0"]
[WhiteElo "2224"]
[BlackElo "2184"]
[PlyCount "93"]
[EventDate "2015.07.23"]
[EventRounds "11"]
[EventCountry "IND"]
[SourceDate "2003.06.08"]

1. d4 e6 2. c4 f5 3. g3 Nf6 4. Bg2 d5 5. Bg5 c6 6. Qc2 Bb4+ 7. Bd2 Bd6 8. Nf3
O-O 9. Bf4 Ne4 10. Nbd2 b6 11. Bxd6 Qxd6 12. O-O Nd7 13. Rac1 Bb7 14. Rfd1 Rac8
15. Qa4 a6 16. Qb3 Ba8 17. Qd3 b5 18. cxd5 cxd5 19. Ne1 Nb6 20. Ndf3 Nc4 21.
Rc2 g5 22. e3 g4 23. Nh4 Bb7 24. Qe2 a5 25. Rdc1 Ba6 26. Nd3 b4 27. Qd1 Nf6 28.
Bf1 Nd7 29. Nf4 a4 30. b3 axb3 31. axb3 Na3 32. Rxc8 Bxc8 33. h3 Nf6 34. hxg4
fxg4 35. Be2 e5 36. dxe5 Qxe5 37. Qd2 Ne4 38. Qxb4 Nxg3 39. Bd3 Nh5 40. Qxf8+
Kxf8 41. Nhg6+ hxg6 42. Nxg6+ Kg7 43. Nxe5 Be6 44. Ra1 Kf6 45. Nc6 Bd7 46. Rxa3
Bxc6 47. Ra6 1-0

[Event "PSNA CET 45th National Junior (U-19) Ch"]
[Site "PSNA College of Engineering &"]
[Date "2015.07.29"]
[Round "9.9"]
[White "Sahoo, Utkal Ranjan"]
[Black "Sadhu, S Adithya"]
[Result "1/2-1/2"]
[WhiteElo "2215"]
[BlackElo "1978"]
[PlyCount "88"]
[EventDate "2015.07.23"]
[EventRounds "11"]
[EventCountry "IND"]
[SourceDate "2003.06.08"]

1. d4 Nf6 2. c4 e5 3. dxe5 Ng4 4. Nf3 Bc5 5. e3 Nc6 6. Be2 Ngxe5 7. Nxe5 Nxe5
8. O-O O-O 9. Nc3 d6 10. Na4 Bb6 11. b3 Bd7 12. Nxb6 axb6 13. Bb2 Bc6 14. Qd4
Qg5 15. e4 Qf4 16. f3 Rfe8 17. g3 Qf6 18. a3 h5 19. Rae1 h4 20. b4 hxg3 21.
hxg3 Rxa3 22. b5 Bd7 23. Kg2 Ra2 24. Rf2 Be6 25. f4 Ng4 26. Bxg4 Qxd4 27. Bxd4
Rxf2+ 28. Kxf2 Bxg4 29. e5 dxe5 30. Rxe5 Rxe5 31. Bxe5 c6 32. Bc7 Be6 33. bxc6
bxc6 34. Bxb6 Bxc4 35. g4 Kf8 36. Ke3 Ke7 37. Kd4 Bd5 38. Kc5 Ke6 39. g5 Kf5
40. Bc7 g6 41. Bd6 Ke4 42. Bc7 f6 43. gxf6 Kf5 44. f7 Bxf7 1/2-1/2